[Event "EWICC 2019"]
[Site "Antalya"]
[Date "2019.04.14"]
[Round "4.19"]
[White "Guseva, Marina"]
[Black "Heinemann, Josefine"]
[Result "1-0"]
[WhiteElo "2404"]
[BlackElo "2257"]
[Annotator "NA"]
[PlyCount "91"]
[EventDate "2019.04.11"]
[EventType "swiss"]
[EventCountry "TUR"]
[SourceTitle "playchess.com"]
[Source "ChessBase"]
[SourceQuality "1"]

1. d4 Nf6 2. c4 g6 3. Nf3 Bg7 4. g3 c6 5. Bg2 d5 6. O-O O-O 7. Qb3 Qb6 8. Nc3 Rd8 9. Rd1 Bf5 10. Ne1 dxc4 11. Qxc4 Na6 12. e4 Be6 13. Qa4 Bg4 14. Bf3 Bxf3 15. Nxf3 c5 16. d5 Ng4 17. Qc4 Rac8 18. Qe2 Ne5 19. Ne1 Nd7 20. Bg5 Bf6 21. Be3 Bd4 22. Nc2 Bxe3 23. Nxe3 Qb4 24. a3 Qb3 25. Nc4 Nc7 26. a4 Qb4 27. Na2 Qb3 28. Rdc1 b5 29. Na5 Qxa4 30. Nc3 Qd4 31. Nc6 Qf6 32. Nxd8 Rxd8 33. Nxb5 Nxb5 34. Qxb5 Ne5 35. Qe2 Nf3+ 36. Kg2 Nd4 37. Qe3 Rb8 38. Ra2 Qb6 39. Rc3 a5 40. Qd3 h5 41. Qc4 Rc8 42. Qa4 Ra8 43. Qa3 Qb4 44. Qxb4 cxb4 45. Rc4 b3 46. Ra3 1-0

[Event "EWICC 2019"]
[Site "Antalya"]
[Date "2019.04.14"]
[Round "4.20"]
[White "Milliet, Sophie"]
[Black "Gevorgyan, Maria"]
[Result "1-0"]
[WhiteElo "2394"]
[BlackElo "2256"]
[Annotator "NA"]
[PlyCount "79"]
[EventDate "2019.04.11"]
[EventType "swiss"]
[EventCountry "TUR"]
[SourceTitle "playchess.com"]
[Source "ChessBase"]
[SourceQuality "1"]

1. e4 c5 2. Nf3 Nc6 3. Nc3 g6 4. d4 cxd4 5. Nxd4 Bg7 6. Be3 Nf6 7. Bc4 O-O 8. Bb3 Re8 9. O-O d6 10. h3 Na5 11. Qe2 Nxb3 12. axb3 b6 13. Rfd1 Bb7 14. f3 a6 15. Qf2 b5 16. e5 Nd5 17. e6 Nxe3 18. Qxe3 Qc8 19. exf7+ Kxf7 20. Ne4 Kg8 21. b4 h6 22. c3 Qc4 23. Ne2 Kh7 24. N2g3 Rf8 25. Rf1 Rad8 26. f4 Bc8 27. h4 Qe6 28. Rxa6 Qg4 29. Ra7 Qxh4 30. Rxe7 Kh8 31. Qa7 Rg8 32. Qc7 d5 33. Ng5 hxg5 34. Rxg7 g4 35. Re7 Rgf8 36. Ra1 Bd7 37. Qe5+ Qf6 38. Ra7 g5 39. Raxd7 Rxd7 40. Rxd7 1-0

[Event "EWICC 2019"]
[Site "Antalya"]
[Date "2019.04.14"]
[Round "4.21"]
[White "Olsarova, Karolina"]
[Black "Badelka, Olga"]
[Result "1-0"]
[WhiteElo "2264"]
[BlackElo "2381"]
[Annotator "NA"]
[PlyCount "111"]
[EventDate "2019.04.11"]
[EventType "swiss"]
[EventCountry "TUR"]
[SourceTitle "playchess.com"]
[Source "ChessBase"]
[SourceQuality "1"]

1. e4 c5 2. Nf3 e6 3. d4 cxd4 4. Nxd4 Nc6 5. Nc3 Qc7 6. Qd3 Nxd4 7. Qxd4 a6 8. Be3 b5 9. Be2 Ne7 10. O-O Nc6 11. Qd2 Bb7 12. Rad1 d6 13. f4 Be7 14. Bf3 Na5 15. b3 Rc8 16. Ne2 Nc6 17. Rc1 O-O 18. c4 b4 19. Nd4 Nxd4 20. Bxd4 a5 21. Qf2 Ra8 22. Qg3 f6 23. Qh3 e5 24. Be3 a4 25. Rfd1 axb3 26. axb3 f5 27. fxe5 dxe5 28. exf5 e4 29. Bg4 Bc5 30. Kh1 Rad8 31. Bg5 Rd6 32. Rxd6 Bxd6 33. f6 gxf6 34. Bh6 Rd8 35. Bf5 Kh8 36. Qh4 Qe7 37. Re1 Bc5 38. h3 e3 39. Bxh7 Rd4 40. Bf4 Rxf4 41. Qxf4 Kxh7 42. Qf5+ Kg7 43. Rd1 Bc6 44. Qg4+ Kf8 45. Qh5 Bd6 46. Qh8+ Kf7 47. Qh5+ Kg7 48. Rd4 Be4 49. c5 Bg6 50. Rg4 Qe8 51. cxd6 e2 52. Rxg6+ Qxg6 53. Qxe2 Qf5 54. Qd2 Qd7 55. Qxb4 Qc6 56. Qd2 1-0

[Event "EWICC 2019"]
[Site "Antalya"]
[Date "2019.04.14"]
[Round "4.22"]
[White "Balajayeva, Khanim"]
[Black "Toma, Katarzyna"]
[Result "1-0"]
[WhiteElo "2358"]
[BlackElo "2211"]
[Annotator "NA"]
[PlyCount "75"]
[EventDate "2019.04.11"]
[EventType "swiss"]
[EventCountry "TUR"]
[SourceTitle "playchess.com"]
[Source "ChessBase"]
[SourceQuality "1"]

1. e4 c5 2. c3 Nf6 3. e5 Nd5 4. d4 cxd4 5. Nf3 Nc6 6. Bc4 Nb6 7. Bb3 d5 8. exd6 e6 9. cxd4 Bxd6 10. Nc3 O-O 11. O-O Nb4 12. Re1 N4d5 13. Ne5 f6 14. Nf3 Re8 15. Qd3 Bd7 16. Ne4 Bc6 17. Bd2 Rc8 18. Nc5 e5 19. Rac1 exd4 20. Ne6 Qd7 21. Nfxd4 Kh8 22. Qh3 Ba4 23. Rxc8 Rxc8 24. Bxa4 Nxa4 25. Nf5 Be5 26. Nexg7 Nxb2 27. Nh5 Nc7 28. Bh6 Ne8 29. Qa3 Qf7 30. f4 Nc4 31. Qh3 Bd6 32. Nfg7 Bc5+ 33. Kh1 Ned6 34. Ne6 Kg8 35. Nxc5 Rxc5 36. Qg4+ Qg6 37. Qe6+ Qf7 38. Nxf6+ 1-0

[Event "EWICC 2019"]
[Site "Antalya"]
[Date "2019.04.14"]
[Round "4.24"]
[White "Janzelj, Lara"]
[Black "Solozhenkina, Elizaveta"]
[Result "1/2-1/2"]
[WhiteElo "2182"]
[BlackElo "2330"]
[Annotator "NA"]
[PlyCount "129"]
[EventDate "2019.04.11"]
[EventType "swiss"]
[EventCountry "TUR"]
[SourceTitle "playchess.com"]
[Source "ChessBase"]
[SourceQuality "1"]

1. d4 Nf6 2. Bg5 e6 3. e3 b6 4. Nf3 Bb7 5. Bd3 d6 6. O-O h6 7. Bxf6 Qxf6 8. Nbd2 Nd7 9. a4 a6 10. Qe2 g5 11. c3 Bg7 12. Ne1 Qe7 13. e4 c5 14. Nc2 O-O 15. f4 gxf4 16. Rxf4 d5 17. exd5 Bxd5 18. Ne3 Bb7 19. Rg4 Qd8 20. Rf1 cxd4 21. cxd4 Nf6 22. Rgf4 Nd5 23. Nxd5 Bxd5 24. Ne4 Bxd4+ 25. Kh1 f5 26. Nc3 Bxc3 27. bxc3 Rf7 28. c4 Bb7 29. Qxe6 Qg5 30. R1f2 Bc8 31. Qe8+ Rf8 32. Qc6 Ra7 33. R4f3 Rg7 34. Qxb6 f4 35. c5 a5 36. c6 h5 37. Qb5 Qh6 38. Qc4+ Be6 39. Rxf4 Rgf7 40. Rxf7 Rxf7 41. Qc2 Rxf2 42. Qxf2 Qc1+ 43. Bf1 Qxc6 44. Qg3+ Kf7 45. Qf4+ Kg6 46. Bd3+ Kg7 47. Qg5+ Kf8 48. Qf4+ Ke7 49. Qg5+ Kf8 50. Qf6+ Kg8 51. h3 Qd5 52. Be2 Bf7 53. Bf3 Qd2 54. Qe5 h4 55. Kh2 Qb4 56. Bc6 Qd2 57. Be4 Qd8 58. Bf3 Qd2 59. Qb8+ Kg7 60. Qc7 Qe3 61. Qxa5 Qf4+ 62. Kg1 Qe3+ 63. Kh1 Qc1+ 64. Kh2 Qf4+ 65. Kg1 1/2-1/2

[Event "EWICC 2019"]
[Site "Antalya"]
[Date "2019.04.14"]
[Round "4.25"]
[White "Injac, Teodora"]
[Black "Garifullina, Leya"]
[Result "1/2-1/2"]
[WhiteElo "2310"]
[BlackElo "2085"]
[Annotator "NA"]
[PlyCount "75"]
[EventDate "2019.04.11"]
[EventType "swiss"]
[EventCountry "TUR"]
[SourceTitle "playchess.com"]
[Source "ChessBase"]
[SourceQuality "1"]

1. d4 Nf6 2. Nf3 e6 3. c4 b6 4. a3 Bb7 5. Nc3 d5 6. Bg5 Be7 7. Bxf6 Bxf6 8. cxd5 exd5 9. Qa4+ c6 10. g3 O-O 11. Bg2 Nd7 12. O-O Re8 13. Rfd1 Nf8 14. Rac1 Ne6 15. e3 Qd7 16. Ne1 Red8 17. b4 Qe7 18. Qb3 Rab8 19. Qa2 a6 20. h4 Rd7 21. Nd3 Ra8 22. a4 Rad8 23. Nb1 Rc7 24. a5 b5 25. Nd2 g6 26. Nf3 Ng7 27. Nc5 Bc8 28. Re1 Ne8 29. Rcd1 Nd6 30. Nd2 Qf8 31. Qb3 Re7 32. Nf3 Rde8 33. Nd3 Nc4 34. Nc5 Qh6 35. Nh2 Qg7 36. Nf3 Qh6 37. Nh2 Qg7 38. Nf3 1/2-1/2

[Event "EWICC 2019"]
[Site "Antalya"]
[Date "2019.04.14"]
[Round "4.26"]
[White "Dzagnidze, Nana"]
[Black "Lubbe, Melanie"]
[Result "1-0"]
[WhiteElo "2513"]
[BlackElo "2304"]
[Annotator "TA"]
[PlyCount "79"]
[EventDate "2019.04.11"]
[EventType "swiss"]
[EventCountry "TUR"]
[SourceTitle "playchess.com"]
[Source "ChessBase"]
[SourceQuality "1"]

1. Nf3 g6 2. g3 Bg7 3. Bg2 d6 4. O-O Nf6 5. c4 O-O 6. Nc3 Nc6 7. d3 e5 8. Rb1 h6 9. b4 Be6 10. b5 Ne7 11. a4 Nh5 12. Ba3 f5 13. Nd2 c6 14. bxc6 bxc6 15. Rb7 Bc8 16. Rb3 Ba6 17. Qc2 Nf6 18. Rfb1 Qc7 19. R1b2 Rad8 20. Qb1 Nd7 21. Rb7 Bxb7 22. Rxb7 Qa5 23. Bb4 Qa6 24. Bxd6 Rfe8 25. c5 Nc8 26. Qb3+ Kh7 27. Rc7 Nxd6 28. cxd6 e4 29. dxe4 Qb6 30. exf5 Qxb3 31. Nxb3 Bxc3 32. Bxc6 Rxe2 33. Bxd7 Re1+ 34. Kg2 Be5 35. Be6+ Kh8 36. fxg6 Bg7 37. Nc5 Rd1 38. Nb7 Re8 39. d7 Rxe6 40. Rc8+ 1-0

[Event "EWICC 2019"]
[Site "Antalya"]
[Date "2019.04.14"]
[Round "4.27"]
[White "Shuvalova, Polina"]
[Black "Belenkaya, Dina"]
[Result "1-0"]
[WhiteElo "2457"]
[BlackElo "2297"]
[Annotator "RC"]
[PlyCount "73"]
[EventDate "2019.04.11"]
[EventType "swiss"]
[EventCountry "TUR"]
[SourceTitle "playchess.com"]
[Source "ChessBase"]
[SourceQuality "1"]

1. e4 c6 2. d4 d5 3. e5 c5 4. dxc5 Nc6 5. f4 Nh6 6. c3 e6 7. Be3 Be7 8. Nf3 O-O 9. Bd3 f6 10. Nbd2 Ng4 11. Bd4 fxe5 12. fxe5 b6 13. cxb6 Nxd4 14. cxd4 Qxb6 15. Qe2 Qxb2 16. O-O Bd7 17. Rab1 Qa3 18. Rb7 Rad8 19. Nb3 Be8 20. Rc1 Rd7 21. Rxd7 Bxd7 22. Rc7 Be8 23. Qc2 h5 24. h3 Nh6 25. Rb7 Ba4 26. Qc7 Bxb3 27. axb3 Qa1+ 28. Kh2 Rxf3 29. Qxe7 Rxh3+ 30. gxh3 Qb2+ 31. Kg3 Nf5+ 32. Bxf5 Qc3+ 33. Kh4 Qxd4+ 34. Kxh5 Qd1+ 35. Bg4 g6+ 36. Kh6 Qc1+ 37. Qg5 1-0

[Event "EWICC 2019"]
[Site "Antalya"]
[Date "2019.04.14"]
[Round "4.28"]
[White "Exler, Veronika"]
[Black "Socko, Monika"]
[Result "1/2-1/2"]
[WhiteElo "2289"]
[BlackElo "2447"]
[Annotator "NA RC"]
[PlyCount "69"]
[EventDate "2019.04.11"]
[EventType "swiss"]
[EventCountry "TUR"]
[SourceTitle "playchess.com"]
[Source "ChessBase"]
[SourceQuality "1"]

1. d4 Nf6 2. c4 e6 3. Nf3 d5 4. g3 dxc4 5. Bg2 Bb4+ 6. Bd2 a5 7. a3 Bxd2+ 8. Nbxd2 b5 9. b3 cxb3 10. Qxb3 O-O 11. Qxb5 Ba6 12. Qxa5 Nbd7 13. Qg5 h6 14. Qh4 Rb8 15. O-O Bxe2 16. Rfe1 Bxf3 17. Bxf3 Nb6 18. Rec1 Nbd5 19. Ne4 Rb3 20. Nxf6+ Nxf6 21. Bg2 Rd3 22. Rc4 Qd6 23. a4 Nd5 24. Qe4 Ra3 25. Rxa3 Qxa3 26. Qc2 Nb6 27. Rxc7 Qa1+ 28. Bf1 Qxa4 29. Qxa4 Nxa4 30. d5 exd5 31. Rd7 Nc3 32. Bg2 d4 33. Bf1 Re8 34. Rxd4 Ne2+ 35. Bxe2 1/2-1/2

[Event "EWICC 2019"]
[Site "Antalya"]
[Date "2019.04.14"]
[Round "4.29"]
[White "Hoang, Thanh Trang"]
[Black "Gajcin, Marina"]
[Result "1/2-1/2"]
[WhiteElo "2435"]
[BlackElo "2247"]
[Annotator "NA RC"]
[PlyCount "104"]
[EventDate "2019.04.11"]
[EventType "swiss"]
[EventCountry "TUR"]
[SourceTitle "playchess.com"]
[Source "ChessBase"]
[SourceQuality "1"]

1. d4 Nf6 2. Bg5 d5 3. Bxf6 gxf6 4. e3 c5 5. dxc5 Nc6 6. c4 d4 7. exd4 Qxd4 8. Qxd4 Nxd4 9. Bd3 e5 10. Nc3 Be6 11. Ne4 O-O-O 12. O-O-O f5 13. Nd6+ Bxd6 14. cxd6 Rxd6 15. Ne2 Rhd8 16. Rhe1 Nf3 17. gxf3 Rxd3 18. Rxd3 Rxd3 19. Ng1 f6 20. f4 Bxc4 21. fxe5 fxe5 22. b3 Bd5 23. Rxe5 Be4 24. Re7 h5 25. h4 Rc3+ 26. Kd1 Rc6 27. Ne2 Rg6 28. Ng3 Rg4 29. Nxh5 Rxh4 30. Ng3 Bd3 31. Kd2 Rd4 32. Kc3 Rd5 33. Re3 Bb5 34. Nh5 Rd6 35. Re5 Bd7 36. Nf4 Rd1 37. Rc5+ Kd8 38. Rd5 Rf1 39. Rd2 Ke8 40. Kd4 Kf7 41. Ke5 Re1+ 42. Kd6 Bc6 43. Ne2 Kf6 44. Nd4 Rc1 45. a4 Be8 46. Re2 Rd1 47. Rxe8 Rxd4+ 48. Kc7 Rb4 49. Re3 a5 50. Kd6 b5 51. axb5 Rxb5 52. Kc6 Rb4 1/2-1/2

[Event "EWICC 2019"]
[Site "Antalya"]
[Date "2019.04.14"]
[Round "4.30"]
[White "Bodnaruk, Anastasia"]
[Black "Mikadze, Miranda"]
[Result "1-0"]
[WhiteElo "2427"]
[BlackElo "2266"]
[Annotator "NA"]
[PlyCount "67"]
[EventDate "2019.04.11"]
[EventType "swiss"]
[EventCountry "TUR"]
[SourceTitle "playchess.com"]
[Source "ChessBase"]
[SourceQuality "1"]

1. e4 e6 2. d3 c5 3. f4 Nc6 4. Nf3 Nf6 5. c3 Be7 6. Be2 d6 7. Na3 b6 8. O-O Bb7 9. Qe1 a6 10. c4 Nd7 11. Bd2 O-O 12. Nc2 b5 13. b3 Bf6 14. Rc1 b4 15. g4 g6 16. Qg3 a5 17. f5 exf5 18. exf5 Re8 19. Rf2 a4 20. g5 Bg7 21. f6 Bf8 22. h4 axb3 23. axb3 Ra2 24. h5 gxh5 25. Qh4 Na5 26. Qxh5 Nxb3 27. Rh2 h6 28. Rg2 Kh8 29. Qxf7 Nxc1 30. g6 Nxe2+ 31. Kh2 Re7 32. g7+ Bxg7 33. fxg7+ Kh7 34. g8=Q# 1-0

[Event "EWICC 2019"]
[Site "Antalya"]
[Date "2019.04.14"]
[Round "4.31"]
[White "Calzetta Ruiz, Monica"]
[Black "Arabidze, Meri"]
[Result "0-1"]
[WhiteElo "2283"]
[BlackElo "2399"]
[Annotator "NA"]
[PlyCount "114"]
[EventDate "2019.04.11"]
[EventType "swiss"]
[EventCountry "TUR"]
[SourceTitle "playchess.com"]
[Source "ChessBase"]
[SourceQuality "1"]

1. e4 e5 2. Nf3 Nc6 3. Bb5 a6 4. Ba4 Nf6 5. O-O Be7 6. Re1 b5 7. Bb3 d6 8. c3 O-O 9. d4 Bg4 10. d5 Na5 11. Bc2 c6 12. h3 Bc8 13. dxc6 Qc7 14. Nbd2 Qxc6 15. Nf1 Nc4 16. a4 Be6 17. b3 Na5 18. Bd2 Qc7 19. Ne3 h6 20. Nf5 Bxf5 21. exf5 Rfe8 22. Bd3 Qb7 23. axb5 axb5 24. Bf1 Nc6 25. Qe2 Rab8 26. b4 Bf8 27. Qd1 d5 28. Qb3 Qd7 29. g4 e4 30. Nd4 Nxd4 31. cxd4 Bd6 32. Ra6 Rec8 33. Rea1 Rb7 34. Rc1 Rxc1 35. Bxc1 Kh7 36. Bd2 Bb8 37. Qc3 Rc7 38. Qe3 Rc2 39. Rxf6 Qc7 40. Rxh6+ Kg8 41. Qf4 gxh6 42. Qxc7 Bxc7 43. Bxh6 Rb2 44. Bxb5 Rxb4 45. Bd7 Rxd4 46. Kg2 Rc4 47. h4 d4 48. h5 d3 49. Be8 Rc2 50. g5 Bf4 51. Bxf7+ Kxf7 52. g6+ Kf6 53. Bxf4 d2 54. Bxd2 Rxd2 55. Kg3 Kxf5 56. g7 Rd8 57. h6 Kg6 0-1

[Event "EWICC 2019"]
[Site "Antalya"]
[Date "2019.04.14"]
[Round "4.32"]
[White "Styazhkina, Anna"]
[Black "Melia, Salome"]
[Result "0-1"]
[WhiteElo "2274"]
[BlackElo "2393"]
[Annotator "NA"]
[PlyCount "124"]
[EventDate "2019.04.11"]
[EventType "swiss"]
[EventCountry "TUR"]
[SourceTitle "playchess.com"]
[Source "ChessBase"]
[SourceQuality "1"]

1. e4 g6 2. d4 Bg7 3. Nc3 d6 4. Be3 c6 5. f4 Nf6 6. Nf3 O-O 7. Bd3 Ng4 8. Bg1 e5 9. dxe5 dxe5 10. h3 Nf6 11. fxe5 Nfd7 12. Bh2 Qe7 13. O-O Nxe5 14. Nxe5 Bxe5 15. Bxe5 Qxe5 16. Qf3 Be6 17. Rae1 Nd7 18. Kh1 b5 19. Nd1 Nc5 20. b3 Rad8 21. Nf2 a5 22. Re3 a4 23. b4 Nd7 24. Be2 Qg5 25. Nd3 Bxa2 26. Qf2 Bc4 27. e5 Bxd3 28. cxd3 Qe7 29. Re4 c5 30. Qe3 Rfe8 31. d4 cxd4 32. Qh6 Nxe5 33. Bxb5 Rf8 34. Qf4 f6 35. Rxd4 a3 36. Ba4 Kg7 37. Bb3 Rxd4 38. Qxd4 Nc6 39. Qc3 Qxb4 40. Qd3 Ne5 41. Qd5 Qe7 42. Ra1 Rb8 43. Rd1 Qb7 44. Qxb7+ Rxb7 45. Be6 f5 46. Rd6 Rc7 47. Ra6 Rc3 48. Kg1 h5 49. Ra7+ Kf6 50. Bd5 h4 51. Ra6+ Kg5 52. Bg8 Nc6 53. Kh2 Nb4 54. Ra4 Nd3 55. Bd5 Nc5 56. Ra5 Kf4 57. Bf7 g5 58. Bg6 g4 59. hxg4 fxg4 60. Ra8 g3+ 61. Kh3 Rc1 62. Rf8+ Kg5 0-1

[Event "EWICC 2019"]
[Site "Antalya"]
[Date "2019.04.14"]
[Round "4.33"]
[White "Paramzina, Anastasya"]
[Black "Vega Gutierrez, Sabrina"]
[Result "1-0"]
[WhiteElo "2214"]
[BlackElo "2391"]
[Annotator "NA"]
[PlyCount "97"]
[EventDate "2019.04.11"]
[EventType "swiss"]
[EventCountry "TUR"]
[SourceTitle "playchess.com"]
[Source "ChessBase"]
[SourceQuality "1"]

1. e4 c5 2. Nf3 Nc6 3. d4 cxd4 4. Nxd4 Nf6 5. Nc3 e5 6. Ndb5 d6 7. Bg5 a6 8. Na3 b5 9. Nd5 Be7 10. Bxf6 Bxf6 11. c4 b4 12. Nc2 O-O 13. Qf3 Rb8 14. Nxf6+ Qxf6 15. Qxf6 gxf6 16. O-O-O b3 17. axb3 Rd8 18. Rd3 f5 19. Rg3+ Kf8 20. exf5 Bxf5 21. Bd3 Bxd3 22. Rxd3 Na5 23. Na1 Rb6 24. Re1 Rdb8 25. Ree3 Nb7 26. Rh3 Nc5 27. Rdg3 Ne4 28. Re3 Nxf2 29. Rxh7 e4 30. Kd2 Kg8 31. Rh5 Re8 32. Rg3+ Kf8 33. Rh8+ Ke7 34. Rxe8+ Kxe8 35. Ke3 Nd3 36. Kxe4 Nc5+ 37. Kd5 Ke7 38. Re3+ Kd7 39. Rf3 Ke7 40. h4 a5 41. Nc2 Nxb3 42. Na3 Nd2 43. Re3+ Kd7 44. h5 Rxb2 45. h6 Rb8 46. Nb5 a4 47. Nxd6 Nb3 48. h7 Rh8 49. Ne8 1-0

[Event "EWICC 2019"]
[Site "Antalya"]
[Date "2019.04.14"]
[Round "4.34"]
[White "Rapport, Jovana"]
[Black "Ghukasyan, Siranush"]
[Result "1/2-1/2"]
[WhiteElo "2385"]
[BlackElo "2201"]
[Annotator "NA"]
[PlyCount "63"]
[EventDate "2019.04.11"]
[EventType "swiss"]
[EventCountry "TUR"]
[SourceTitle "playchess.com"]
[Source "ChessBase"]
[SourceQuality "1"]

1. d4 d5 2. Bf4 Nf6 3. e3 Bf5 4. Nf3 e6 5. Nc3 c6 6. Ne5 Bd6 7. h4 h5 8. Bd3 Bxd3 9. cxd3 Be7 10. g4 hxg4 11. Nxg4 Nh5 12. Bxb8 Qxb8 13. Qf3 Qc7 14. O-O-O Bd6 15. Kb1 f5 16. Ne5 Bxe5 17. dxe5 Qxe5 18. Rdg1 O-O-O 19. Ne2 Rh6 20. Rg5 Rdh8 21. Qg2 R8h7 22. Rg1 Qc7 23. Nd4 Qe7 24. Nf3 Qf6 25. d4 Qe7 26. a3 a6 27. Ka2 Kb8 28. Ne5 Ka7 29. Ng6 Qe8 30. Ne5 Qe7 31. Ng6 Qe8 32. Ne5 1/2-1/2

[Event "EWICC 2019"]
[Site "Antalya"]
[Date "2019.04.14"]
[Round "4.35"]
[White "Hernandez Estevez, Yudania"]
[Black "Majdan, Joanna"]
[Result "0-1"]
[WhiteElo "2198"]
[BlackElo "2377"]
[Annotator "NA"]
[PlyCount "102"]
[EventDate "2019.04.11"]
[EventType "swiss"]
[EventCountry "TUR"]
[SourceTitle "playchess.com"]
[Source "ChessBase"]
[SourceQuality "1"]

1. e4 c5 2. Nf3 d6 3. d4 cxd4 4. Nxd4 Nf6 5. Nc3 a6 6. Be2 e5 7. Nb3 Be7 8. O-O O-O 9. a4 Be6 10. Be3 Nbd7 11. Qd2 Nb6 12. Rfd1 Rc8 13. Bg5 Nbd7 14. Bf3 h6 15. Bxf6 Nxf6 16. Nc1 Qb6 17. Nd3 Rc4 18. a5 Qc7 19. Ra4 Rc8 20. Rxc4 Bxc4 21. Ra1 b6 22. axb6 Qxb6 23. h3 Qb7 24. Ra4 Bb5 25. Ra1 Bc6 26. Qe3 Bd8 27. Qe1 Bb6 28. Ra3 Bd4 29. Rb3 Qa8 30. Nb4 Bb7 31. Nba2 Nh7 32. Bg4 Rc7 33. h4 Nf6 34. Bf3 h5 35. Qe2 g6 36. Ra3 Qc8 37. Ra4 Ng4 38. Bxg4 hxg4 39. Qd3 Qd8 40. g3 Qf6 41. Nd1 Qe6 42. Nac3 f5 43. Ne3 Rf7 44. Qc4 Qd7 45. Ncd5 Kg7 46. Rb4 f4 47. gxf4 g3 48. f5 gxf2+ 49. Kf1 Bxd5 50. Nxd5 gxf5 51. c3 fxe4 0-1

[Event "EWICC 2019"]
[Site "Antalya"]
[Date "2019.04.14"]
[Round "4.36"]
[White "Matnadze, Ana"]
[Black "Radeva, Viktoria"]
[Result "1/2-1/2"]
[WhiteElo "2367"]
[BlackElo "2192"]
[Annotator "NA"]
[PlyCount "103"]
[EventDate "2019.04.11"]
[EventType "swiss"]
[EventCountry "TUR"]
[SourceTitle "playchess.com"]
[Source "ChessBase"]
[SourceQuality "1"]

1. Nf3 d5 2. g3 c6 3. Bg2 Bg4 4. O-O Nf6 5. Ne5 Bf5 6. c4 e6 7. d4 Nbd7 8. Nc3 Be7 9. h3 h6 10. f4 O-O 11. g4 Bh7 12. cxd5 cxd5 13. Qb3 Qb6 14. g5 hxg5 15. Qxb6 Nxb6 16. fxg5 Nfd7 17. Nxd7 Nxd7 18. Bf4 Rac8 19. Rac1 Nb6 20. Nb5 a6 21. Nd6 Bxd6 22. Bxd6 Rfe8 23. b3 Rxc1 24. Rxc1 Rc8 25. Rc5 Bb1 26. a3 Ba2 27. b4 Rxc5 28. bxc5 Nc4 29. Be7 Ne3 30. Bd6 Nc2 31. h4 Nxd4 32. h5 Nxe2+ 33. Kf2 Nd4 34. Ke3 Nc6 35. Kf4 Bb3 36. Bh3 Bd1 37. h6 gxh6 38. gxh6 Bc2 39. Kg5 d4 40. Bg2 Bg6 41. Bxc6 bxc6 42. Kf6 d3 43. Bf4 Kh7 44. a4 Bh5 45. a5 Kg8 46. Bd2 Bd1 47. Be3 Bh5 48. Bc1 Bd1 49. Bd2 Bh5 50. Ke5 Bd1 51. Kf6 Bh5 52. Be3 1/2-1/2

[Event "EWICC 2019"]
[Site "Antalya"]
[Date "2019.04.14"]
[Round "4.37"]
[White "Narva, Mai"]
[Black "Trippold, Denise"]
[Result "1-0"]
[WhiteElo "2365"]
[BlackElo "2158"]
[Annotator "NA"]
[PlyCount "87"]
[EventDate "2019.04.11"]
[EventType "swiss"]
[EventCountry "TUR"]
[SourceTitle "playchess.com"]
[Source "ChessBase"]
[SourceQuality "1"]

1. e4 e6 2. d4 d5 3. Nd2 c5 4. Ngf3 cxd4 5. Nxd4 Nc6 6. Bb5 Bd7 7. Nxc6 Bxc6 8. Bxc6+ bxc6 9. c4 Nf6 10. e5 Nd7 11. Nf3 Qc7 12. O-O Be7 13. Bf4 O-O 14. Rc1 Qb7 15. Qe2 Qa6 16. b3 Qb7 17. Qc2 Rfc8 18. h4 h6 19. Rfe1 a5 20. h5 Nc5 21. Re3 a4 22. Nd2 axb3 23. axb3 Ra3 24. Rg3 Kh8 25. Qd1 Kh7 26. Be3 Ne4 27. Nxe4 dxe4 28. Qg4 Rg8 29. Qxe4+ Kh8 30. Qf3 Bb4 31. Rd1 Rxb3 32. Rxg7 Rxg7 33. Rd8+ Kh7 34. Qe4+ Rg6 35. hxg6+ fxg6 36. Qd4 Qg7 37. Qd1 Rxe3 38. fxe3 Qxe5 39. Qd7+ Qg7 40. Qxe6 Qa1+ 41. Kh2 h5 42. Qf7+ Kh6 43. Qf4+ g5 44. Qf5 1-0

[Event "EWICC 2019"]
[Site "Antalya"]
[Date "2019.04.14"]
[Round "4.38"]
[White "De Seroux, Camille"]
[Black "Zhukova, Natalia"]
[Result "0-1"]
[WhiteElo "2151"]
[BlackElo "2356"]
[Annotator "NA"]
[PlyCount "100"]
[EventDate "2019.04.11"]
[EventType "swiss"]
[EventCountry "TUR"]
[SourceTitle "playchess.com"]
[Source "ChessBase"]
[SourceQuality "1"]

1. e4 e6 2. d4 d5 3. exd5 exd5 4. Nf3 Bd6 5. c4 Nf6 6. c5 Be7 7. Qa4+ c6 8. Bd3 O-O 9. O-O b6 10. cxb6 Qxb6 11. Nc3 Ba6 12. Ne5 Bxd3 13. Nxd3 Nbd7 14. h3 Bd6 15. Be3 Rac8 16. Rac1 Qb7 17. Qd1 Rfe8 18. Re1 Nf8 19. Na4 Ne6 20. b3 Ne4 21. Nac5 Bxc5 22. Nxc5 N4xc5 23. dxc5 Qb4 24. Bd2 Qh4 25. b4 h6 26. a4 Rb8 27. Rb1 Red8 28. Qe2 Qf6 29. Qe5 Qg6 30. Rb3 Qc2 31. Qc3 Qxc3 32. Bxc3 Nxc5 33. Ra3 Ne4 34. Bd4 Rxb4 35. Bxa7 Ra8 36. Be3 Raxa4 37. Rxa4 Rxa4 38. f3 Nc3 39. Bc5 Rc4 40. Re8+ Kh7 41. Bd6 d4 42. Kf2 Nd5 43. Ke2 Rc2+ 44. Kd3 Rxg2 45. Rf8 Rg6 46. Bb8 Rf6 47. Kxd4 Rxf3 48. Kc5 Nf4 49. Kxc6 Nxh3 50. Kd7 Ng5 0-1

[Event "EWICC 2019"]
[Site "Antalya"]
[Date "2019.04.14"]
[Round "4.39"]
[White "Berke, Ana"]
[Black "Brunello, Marina"]
[Result "0-1"]
[WhiteElo "2146"]
[BlackElo "2356"]
[Annotator "NA"]
[PlyCount "50"]
[EventDate "2019.04.11"]
[EventType "swiss"]
[EventCountry "TUR"]
[SourceTitle "playchess.com"]
[Source "ChessBase"]
[SourceQuality "1"]

1. e4 c5 2. Nf3 d6 3. Bb5+ Nd7 4. d4 cxd4 5. Qxd4 a6 6. Bxd7+ Qxd7 7. c4 e5 8. Qd3 f5 9. Nc3 Nf6 10. Be3 Qc6 11. b4 fxe4 12. b5 axb5 13. cxb5 exd3 14. bxc6 bxc6 15. Kd2 Ba6 16. Ng5 d5 17. Rhe1 h6 18. Ne6 d4 19. Nc7+ Kd7 20. Nxa8 Bb4 21. Nb6+ Kc7 22. Nba4 dxc3+ 23. Nxc3 Ne4+ 24. Kc1 Bxc3 25. Bb6+ Kd6 0-1

[Event "EWICC 2019"]
[Site "Antalya"]
[Date "2019.04.14"]
[Round "4.40"]
[White "Ferkova, Dominika"]
[Black "Doluhanova, Evgeniya"]
[Result "0-1"]
[WhiteElo "1993"]
[BlackElo "2339"]
[Annotator "NA"]
[PlyCount "120"]
[EventDate "2019.04.11"]
[EventType "swiss"]
[EventCountry "TUR"]
[SourceTitle "playchess.com"]
[Source "ChessBase"]
[SourceQuality "1"]

1. d4 Nf6 2. c4 e6 3. Nc3 Bb4 4. e3 O-O 5. Bd3 c5 6. Nf3 b6 7. O-O Bb7 8. a3 Bxc3 9. bxc3 d6 10. Nd2 Nc6 11. Bb2 Rc8 12. e4 e5 13. d5 Ne7 14. Bc1 Ng6 15. Nb3 Rb8 16. a4 Bc8 17. a5 Bg4 18. f3 Bd7 19. axb6 axb6 20. Be3 Nh5 21. g3 Qc8 22. Bf2 Bh3 23. Re1 f5 24. Qc2 f4 25. g4 Nf6 26. Bf1 Bxf1 27. Kxf1 h5 28. g5 Qh3+ 29. Ke2 Nh7 30. Rg1 Ra8 31. Qd1 Rfb8 32. Qf1 Qc8 33. h4 b5 34. Rxa8 Rxa8 35. cxb5 Qb7 36. c4 Ra4 37. Qc1 Nhf8 38. Qc3 Nd7 39. Ra1 Qa7 40. Na5 Rxa1 41. Qxa1 Nb6 42. Kd3 Qd7 43. Nb3 Qh3 44. Nd2 Qh2 45. Qa5 Qxf2 46. Qxb6 Nxh4 47. g6 Nxg6 48. Qxd6 Nh4 49. Qxe5 Qxd2+ 50. Kxd2 Nxf3+ 51. Ke2 Nxe5 52. b6 h4 53. b7 Nd7 54. e5 h3 55. e6 Nb8 56. d6 Kf8 57. Kf3 g5 58. Kf2 g4 59. Kg1 g3 60. Kh1 f3 0-1